[Event "OPEN 2026"]
[Site "SAINT DENIS LA REUNION"]
[Date "2026.01.10"]
[Round "4.5"]
[Board "5"]
[White "Tsang Chan Chung, Jean Edouard"]
[Black "Gretry, Patrice"]
[Result "0-1"]
[WhiteElo "1556"]
[BlackElo "1913"]
[PlyCount "64"]
[GameId "2265497860522113"]
[EventDate "2026.??.??"]
[WhiteTeam "Club Echiquier du Nord"]
[BlackTeam "Reunion Echecs Nomades"]

1. e4 e5 2. Nf3 Nc6 3. Bb5 a6 4. Ba4 Nf6 5. O-O Be7 6. Re1 b5 7. Bb3 O-O 8. c3 d5 9. d3 d4 10. a4 Rb8 11. axb5 axb5 12. h3 h6 13. Nbd2 dxc3 14. Nf1 Bb4 15. Re2 Nd4 16. Nxd4 exd4 17. Rc2 Nd7 18. bxc3 Bxc3 19. Bb2 b4 20. Qh5 Qe7 21. Ra5 Nf6 22. Qf3 Be6 23. Rxc3 dxc3 24. Bc1 Bxb3 25. Ne3 Be6 26. Re5 Qd6 27. Qg3 Nd7 28. Nf5 Bxf5 29. Bxh6 Qxe5 30. Bf4 Qf6 31. e5 Qg6 32. Bg5 b3 0-1

[Event "OPEN 2026"]
[Site "SAINT DENIS LA REUNION"]
[Date "2026.01.10"]
[Round "4.6"]
[Board "6"]
[White "Blancard, Romuald"]
[Black "Larroque, Luca"]
[Result "0-1"]
[WhiteElo "1399"]
[BlackElo "1817"]
[Annotator "thier"]
[PlyCount "73"]
[GameId "2265519325290841"]
[EventDate "2026.??.??"]
[WhiteTeam "La Tour Saint Pierroise"]
[BlackTeam "Club Echiquier du Nord"]

{[%evp 0,73,28,23,23,24,47,42,38,38,34,23,34,5,53,39,38,19,21,-6,55,43,77,76,76,-62,-84,-101,-106,-106,-117,-164,-145,-145,-87,-142,-104,-93,3,74,152,152,165,165,180,180,180,173,172,165,161,161,155,139,204,202,247,247,285,292,392,380,413,356,391,311,319,321,341,270,286,216,218,188,302,310]} 1. d4 Nf6 2. Nf3 g6 3. Bf4 Bg7 4. e3 O-O 5. Be2 d6 6. O-O Nfd7 7. h3 e5 8. dxe5 dxe5 9. Bh2 e4 10. Nd4 c5 11. Nb5 Bxb2 12. Nc7 Bxa1 13. c3 Nc6 14. Nxa8 Nde5 15. Qxd8 Rxd8 16. Nc7 Bf5 17. Bf4 Nd3 18. Bg5 Rc8 19. Nd5 Kg7 20. Bf6+ Kf8 21. Nd2 Bb2 22. Rb1 Be6 23. Bxd3 exd3 24. Nf4 Ba3 25. Nxe6+ fxe6 26. Nc4 Bb4 27. cxb4 cxb4 28. Rd1 b6 29. Nd6 Ra8 30. Rxd3 Rb8 31. a3 a5 32. Kf1 bxa3 33. Rxa3 b5 34. Ra1 b4 35. Nc4 Rb5 36. Nb2 e5 37. Rc1 {0 0-1 58 ou 62 coups, mal rédigé} 0-1

[Event "OPEN 2026"]
[Site "SAINT DENIS LA REUNION"]
[Date "2026.01.10"]
[Round "4.7"]
[Board "7"]
[White "Hasnaoui, Ghannia"]
[Black "Lambert Hoareau, Guillaume"]
[Result "0-1"]
[WhiteElo "1399"]
[BlackElo "1778"]
[PlyCount "54"]
[GameId "2265488588435537"]
[EventDate "2026.??.??"]
[WhiteTeam "Club d'Echecs Labourdonnais"]
[BlackTeam "L'Echiquier de Saint Joseph"]

1. d4 d5 2. Nf3 Nf6 3. Bf4 e6 4. Nbd2 c5 5. c4 cxd4 6. Ne5 Nc6 7. Ndf3 Bb4+ 8. Nd2 O-O 9. Nxc6 bxc6 10. a3 Bd6 11. Bg5 Re8 12. Nf3 e5 13. Qa4 Bd7 14. Qc2 h6 15. Bxf6 Qxf6 16. cxd5 cxd5 17. Qd2 Rab8 18. b4 Rbc8 19. e3 dxe3 20. Qxe3 d4 21. Qe4 Bc6 22. Qg4 e4 23. Nh4 e3 24. f3 d3 25. Bxd3 Qxa1+ 26. Ke2 Qb2+ 27. Ke1 Qd2+ 0-1

[Event "OPEN 2026"]
[Site "SAINT DENIS LA REUNION"]
[Date "2026.01.10"]
[Round "4.8"]
[Board "8"]
[White "Chavallard, Yanis"]
[Black "Desire, Michael"]
[Result "0-1"]
[WhiteElo "1663"]
[BlackElo "1777"]
[PlyCount "74"]
[GameId "2265525518766527"]
[EventDate "2026.??.??"]
[WhiteTeam "Echiquier du Lagon - Ass Ecole du Lagon"]
[BlackTeam "Jeu d'Echecs Dann Trois Bassins"]

1. c4 Nf6 2. g3 e5 3. Bg2 Bc5 4. Nf3 e4 5. Ng5 Bxf2+ 6. Kxf2 Ng4+ 7. Kg1 Qxg5 8. e3 f5 9. d4 Nc6 10. a3 O-O 11. Nc3 a6 12. h3 Nf6 13. Kh2 d6 14. Rg1 Bd7 15. c5 dxc5 16. Qb3+ Kh8 17. Qxb7 Ra7 18. Qb3 Ng4+ 19. Kh1 Rf6 20. Nd1 Ra8 21. Qd5 Rd6 22. Qxc5 Nf6 23. Bf1 Nh5 24. g4 Rg6 25. Bg2 Ng3+ 26. Kh2 Qh4 27. gxf5 Bxf5 28. Qc4 Rh6 29. Nf2 g5 30. Bf1 Nxf1+ 31. Qxf1 g4 32. Nxg4 Bxg4 33. Rxg4 Qxg4 34. Qf6+ Rxf6 35. hxg4 Rf1 36. b4 Kg8 37. Kg2 Raf8 0-1

[Event "OPEN 2026"]
[Site "SAINT DENIS LA REUNION"]
[Date "2026.01.10"]
[Round "4.9"]
[Board "9"]
[White "Dace, Jean Emeric"]
[Black "Mansard, Gregoire"]
[Result "1-0"]
[WhiteElo "1799"]
[BlackElo "1651"]
[PlyCount "133"]
[GameId "2265529429512695"]
[EventDate "2026.??.??"]
[WhiteTeam "Echiquier du Lagon - Ass Ecole du Lagon"]
[BlackTeam "Club Echiquier du Nord"]

1. Nf3 Nf6 2. g3 b5 3. b3 Bb7 4. Bg2 e6 5. Bb2 Be7 6. d3 d6 7. Nbd2 O-O 8. O-O c5 9. c4 a6 10. cxb5 axb5 11. a4 b4 12. Qc2 Nbd7 13. e4 d5 14. Rfe1 Ba6 15. e5 Ne8 16. Rac1 Rc8 17. Qb1 Nb6 18. Red1 Nc7 19. Bf1 d4 20. Ne4 Ncd5 21. Qc2 Nc3 22. Rd2 Nbd5 23. Bxc3 Nxc3 24. Re1 Nxe4 25. dxe4 Bxf1 26. Rxf1 Qa5 27. Qc4 Rfd8 28. Rd3 Ra8 29. Nd2 Bg5 30. f4 Be7 31. h4 Qa6 32. Qc2 f6 33. exf6 Bxf6 34. e5 Be7 35. Nc4 g6 36. Qe2 Rf8 37. h5 Kg7 38. Kf2 g5 39. Ke1 gxf4 40. Qg4+ Kh8 41. gxf4 Rg8 42. Qh3 Qc6 43. Qh1 Bh4+ 44. Kd1 Qxh1 45. Rxh1 Bg3 46. Rf3 Raf8 47. Rhf1 Bh2 48. Nd6 Rg1 49. Rxg1 Bxg1 50. Ke2 Rg8 51. h6 Rf8 52. Kd3 Be3 53. Ke4 Kg8 54. Rg3+ Kh8 55. Rg4 Rf5 56. a5 Rf8 57. a6 Bxf4 58. Rxf4 Rxf4+ 59. Kxf4 c4 60. Nxc4 d3 61. a7 Kg8 62. a8=Q+ Kf7 63. Nd6+ Kg6 64. Qe4+ Kh5 65. Qf3+ Kg6 66. Qg4+ Kxh6 67. Qg5# 1-0

[Event "OPEN 2026"]
[Site "SAINT DENIS LA REUNION"]
[Date "2026.01.10"]
[Round "4.10"]
[Board "10"]
[White "Riviere, Thomas"]
[Black "Frelicot, Eric"]
[Result "0-1"]
[WhiteElo "1299"]
[BlackElo "1709"]
[PlyCount "80"]
[GameId "2265511083041045"]
[EventDate "2026.??.??"]
[WhiteTeam "Jeu d'Echecs Dann Trois Bassins"]
[BlackTeam "Maison des Jeunes et de la Culture de St Benoit"]

1. e4 c6 2. d4 d5 3. Bd3 dxe4 4. Bxe4 Nf6 5. Nc3 Nxe4 6. Nxe4 Bf5 7. Ng3 Bg6 8. Nf3 Nd7 9. Bf4 e6 10. Qe2 Be7 11. h4 h5 12. Bg5 Bxg5 13. Nxg5 Qa5+ 14. c3 O-O-O 15. O-O Nf6 16. f3 Qc7 17. N3e4 Bxe4 18. Nxe4 Nd5 19. g3 f5 20. c4 fxe4 21. cxd5 Qxg3+ 22. Kh1 Qxh4+ 23. Kg1 Qg3+ 24. Kh1 Qh3+ 25. Kg1 exd5 26. f4 Qg4+ 27. Qg2 Qxg2+ 28. Kxg2 Rdf8 29. Kg3 Rf5 30. Rf2 Rhf8 31. Raf1 Kd7 32. Kh4 g5+ 33. Kxh5 gxf4+ 34. Kg4 f3 35. Rh1 R5f7 36. Kg5 Rg8+ 37. Kh6 Rh8+ 38. Kg6 Rxh1 39. Kxf7 Rg1 40. Rh2 Kc7 0-1

[Event "OPEN 2026"]
[Site "SAINT DENIS LA REUNION"]
[Date "2026.01.10"]
[Round "4.11"]
[Board "11"]
[White "Larroque, Leo"]
[Black "Lai-Cheung-Kit, Guillaume"]
[Result "1-0"]
[WhiteElo "1587"]
[BlackElo "1467"]
[Annotator "thier"]
[PlyCount "90"]
[GameId "2265508520796377"]
[EventDate "2026.??.??"]
[WhiteTeam "Club Echiquier du Nord"]
[BlackTeam "Club Echiquier du Nord"]

{[%evp 0,72,28,1,15,8,17,8,61,19,19,19,19,8,38,26,33,22,29,0,129,14,67,67,116,60,72,82,288,272,354,347,338,347,375,345,370,347,389,336,336,359,337,334,369,352,316,51,45,45,45,40,52,66,67,35,52,14,94,85,79,-35,96,85,266,261,266,261,266,225,267,285,499,321,543]} 1. c4 c5 2. Nc3 Nc6 3. Nf3 b6 4. d4 cxd4 5. Nxd4 Bb7 6. Bf4 g6 7. e4 Bg7 8. Nxc6 dxc6 9. e5 e6 10. Be2 Qxd1+ 11. Rxd1 c5 12. f3 Ne7 13. Nb5 O-O 14. Rd7 Bc6 15. Rxe7 Bxb5 16. cxb5 Rfd8 17. Kf2 Kf8 18. Rc7 Rd4 19. Ke3 g5 20. Bg3 h5 21. h4 gxh4 22. Rxh4 Bxe5 23. Rxd4 cxd4+ 24. Kf2 Bxc7 25. Bxc7 f6 26. Bd6+ Kg7 27. Ba3 e5 28. f4 Re8 29. fxe5 fxe5 30. Kf3 Kf6 31. Ke4 h4 32. Bd6 Re6 33. Bb8 Re8 34. Bxa7 Ra8 35. Bxb6 Rxa2 36. Bd8+ Kg7 37. Bxh4 Rxb2 38. Bc4 Rxg2 39. Kxe5 Rb2 40. Kxd4 Kf8 41. Bd8 Ke8 42. Bc7 Kd7 43. b6 Kc6 44. Bd5+ Kd7 45. Kc5 Rb1 {1-0 75 coups reconstitution difficile} 1-0

[Event "OPEN 2026"]
[Site "SAINT DENIS LA REUNION"]
[Date "2026.01.10"]
[Round "4.12"]
[Board "12"]
[White "Mungroo, Arvind"]
[Black "Firoaguer, Baptiste"]
[Result "1-0"]
[WhiteElo "1438"]
[BlackElo "1541"]
[PlyCount "76"]
[GameId "2265526463918541"]
[EventDate "2026.??.??"]
[BlackTeam "La Tour Saint Pierroise"]

1. d4 d5 2. Nf3 Nf6 3. g3 e6 4. Bg2 Be7 5. O-O O-O 6. c4 b6 7. Qc2 Bb7 8. Nbd2 Nbd7 9. Re1 c5 10. e3 Rc8 11. Ne5 Nxe5 12. dxe5 Nd7 13. Nf3 Qc7 14. Qc3 dxc4 15. Qxc4 Bxf3 16. Bxf3 Nxe5 17. Qe2 Nxf3+ 18. Qxf3 Rfd8 19. e4 Rd7 20. Qg4 Bf6 21. h4 Kh8 22. Rb1 Rcd8 23. Bg5 Bxg5 24. hxg5 Rd2 25. Kg2 Qd6 26. Rh1 Qd4 27. Rbf1 Qxb2 28. Qh5 Kg8 29. Qxh7+ Kf8 30. g6 Qf6 31. gxf7 Qxf7 32. Rh4 Ke7 33. Rf4 Qg8 34. Qg6 Rxa2 35. Rh1 Re8 36. Rh7 Kd6 37. e5+ Kxe5 38. Rxg7 Qh8 1-0

[Event "OPEN 2026"]
[Site "SAINT DENIS LA REUNION"]
[Date "2026.01.10"]
[Round "4.13"]
[Board "13"]
[White "Gomez, Antoine"]
[Black "Hoareau, Cassandre"]
[Result "1-0"]
[WhiteElo "1755"]
[BlackElo "1422"]
[Annotator "thier"]
[PlyCount "45"]
[GameId "2265518119428417"]
[EventDate "2026.??.??"]
[WhiteTeam "Club Echiquier du Nord"]
[BlackTeam "Le Petit Cavalier"]

1. e4 e5 2. f4 exf4 3. Bc4 Ne7 4. Nc3 Nbc6 5. d4 Ng6 6. Nf3 Bb4 7. h4 h5 8. Ng5 d5 9. Bxd5 Be6 10. Bxe6 fxe6 11. Nxe6 Qe7 12. d5 Nd8 13. Ng5 Nxh4 14. Rxh4 Qxg5 15. Rxf4 Qxg2 16. Qd4 Rf8 17. Qxb4 Rxf4 18. Bxf4 Qg1+ 19. Kd2 Qxa1 20. Bxc7 Qf1 21. Qa4+ Kf8 22. Bd6+ Kg8 (22... Kf7 23. Qd7+ Kg6 24. Ne2 Qf2 25. Qe8+ Qf7 26. Nf4+ Kh7 27. Qe5 Qf6 28. Qxh5+ Qh6 29. Qf5+ Kg8 30. Qf8+ Kh7 31. Kd3 Qf6 32. Qxf6 gxf6 33. Be7 Kg7 34. Nh5+ Kf7 35. Bxf6 Ke8 36. Ng7+ Kd7 37. e5 b6 38. e6+ Kd6 39. Kd4 Nb7 40. Nf5+ Kc7 41. Be5+ Kd8 42. d6 Ke8 43. d7+ Kd8 44. Kd5 a5 45. Kc6) 23. Qd7 1-0

[Event "OPEN 2026"]
[Site "SAINT DENIS LA REUNION"]
[Date "2026.01.10"]
[Round "4.14"]
[Board "14"]
[White "Antier, Gilbert"]
[Black "Krafft, Alice"]
[Result "0-1"]
[WhiteElo "1507"]
[BlackElo "1424"]
[PlyCount "58"]
[GameId "2265506750025917"]
[EventDate "2026.??.??"]
[WhiteTeam "La Tour Saint Pierroise"]
[BlackTeam "Club Echiquier du Nord"]

1. e4 c6 2. d4 d5 3. exd5 cxd5 4. Bd3 Nf6 5. h3 Nc6 6. c3 e6 7. Nf3 Be7 8. Bg5 h6 9. Bxf6 Bxf6 10. O-O O-O 11. Re1 Ne7 12. Nbd2 a6 13. Nf1 b5 14. Bc2 a5 15. Qd3 g6 16. Ne3 b4 17. h4 Ba6 18. Qd2 h5 19. Bd3 bxc3 20. bxc3 Bxd3 21. Qxd3 Nf5 22. Nxf5 exf5 23. g3 f4 24. Kg2 fxg3 25. fxg3 Kg7 26. Qb5 Rb8 27. Qd3 Rb2+ 28. Re2 Qb6 29. Rxb2 Qxb2+ 0-1

[Event "OPEN 2026"]
[Site "SAINT DENIS LA REUNION"]
[Date "2026.01.10"]
[Round "4.15"]
[Board "15"]
[White "Leclerc, Lucas"]
[Black "Boutin-Moreau, Mael"]
[Result "1-0"]
[WhiteElo "1494"]
[BlackElo "1299"]
[Annotator "thier"]
[PlyCount "33"]
[GameId "2265482066260004"]
[EventDate "2026.??.??"]
[WhiteTeam "La Tour Saint Pierroise"]
[BlackTeam "Club Echiquier du Nord"]

{[%evp 0,33,19,29,77,73,81,78,72,74,91,89,152,189,181,188,179,181,180,179,179,179,275,299,265,235,266,285,301,60,160,95,180,159,528,532]} 1. e4 g6 2. d4 Bg7 3. Nc3 d6 4. Nf3 Nd7 5. Bc4 Ngf6 6. Bxf7+ Kxf7 7. Ng5+ Kg8 8. Ne6 Qe8 9. Nxc7 Qd8 10. Nxa8 e5 11. dxe5 Nxe5 12. Bg5 Be6 13. Bxf6 Bxf6 14. O-O Qxa8 15. Qxd6 Qe8 16. Nd5 Bd8 17. Qxe5 1-0

[Event "OPEN 2026"]
[Site "SAINT DENIS LA REUNION"]
[Date "2026.01.10"]
[Round "4.16"]
[Board "16"]
[White "Khantalina, Ilariya"]
[Black "Maunier, Theo"]
[Result "1-0"]
[WhiteElo "1488"]
[BlackElo "1299"]
[PlyCount "147"]
[GameId "2265524145156529"]
[EventDate "2026.??.??"]
[WhiteTeam "Club Echiquier du Nord"]
[BlackTeam "Echiquier du Lagon - Ass Ecole du Lagon"]

1. d4 d5 2. c4 e6 3. Nf3 Nf6 4. g3 Be7 5. Bg2 O-O 6. Qc2 b6 7. O-O Nbd7 8. Bf4 Bb7 9. Nbd2 c5 10. Rfe1 Re8 11. e3 Bf8 12. Ne5 cxd4 13. exd4 Rc8 14. Rac1 Ba8 15. Qa4 Re7 16. Bg5 h6 17. Nxd7 Qxd7 18. Qxd7 Rxd7 19. Bxf6 gxf6 20. cxd5 Rxc1 21. Rxc1 Bxd5 22. Bxd5 Rxd5 23. Nb3 e5 24. Rd1 exd4 25. Rxd4 Re5 26. Kf1 Bc5 27. Nxc5 Rxc5 28. Rd2 Kf8 29. Re2 Re5 30. Rc2 Ke8 31. Rc6 Re6 32. Rc8+ Kd7 33. Ra8 a5 34. Ra7+ Ke8 35. Rb7 Kf8 36. g4 Kg7 37. h3 Kg6 38. Kg2 Rd6 39. Kg3 Rd3+ 40. f3 Rd6 41. f4 Rd3+ 42. Kh4 Rd6 43. f5+ Kg7 44. Kh5 Rd3 45. h4 Rd6 46. a3 a4 47. Ra7 b5 48. Rb7 Rd5 49. Rc7 Rd2 50. b4 Ra2 51. Rc3 Ra1 52. Rc5 Rxa3 53. Rxb5 Ra1 54. Ra5 a3 55. b5 a2 56. b6 Rb1 57. Rxa2 Rxb6 58. Ra5 Rc6 59. g5 hxg5 60. hxg5 fxg5 61. Kxg5 Rf6 62. Rd5 Rb6 63. Rd4 f6+ 64. Kh5 Kf7 65. Rd7+ Ke8 66. Ra7 Rb5 67. Kg6 Rb6 68. Rf7 Rd6 69. Rxf6 Rxf6+ 70. Kxf6 Kf8 71. Ke6 Ke8 72. f6 Kf8 73. f7 Kg7 74. Ke7 1-0

[Event "OPEN 2026"]
[Site "SAINT DENIS LA REUNION"]
[Date "2026.01.10"]
[Round "4.17"]
[Board "17"]
[White "Bigot, Antoine"]
[Black "Pajamalepadeatchy, Shivany"]
[Result "1-0"]
[WhiteElo "1447"]
[BlackElo "1299"]
[PlyCount "127"]
[GameId "2265499071033501"]
[EventDate "2026.??.??"]
[WhiteTeam "Le Petit Cavalier"]
[BlackTeam "Le Petit Cavalier"]

1. d4 d5 2. Nf3 Bf5 3. g3 e6 4. Bg2 Nf6 5. O-O Bd6 6. b3 Nbd7 7. Bb2 Nf8 8. Nbd2 Ng6 9. c4 O-O 10. Rc1 Ng4 11. Re1 Nf4 12. gxf4 Bxf4 13. e3 Bd6 14. Ne5 Qg5 15. Ndf3 Qh5 16. h3 Nh6 17. Nh2 Qg5 18. f4 Qg3 19. Qf3 Qh4 20. Qf2 Qh5 21. Qf3 Qh4 22. cxd5 exd5 23. Qxd5 Rad8 24. Qf3 f6 25. Neg4 Bb4 26. Nxh6+ Qxh6 27. Red1 Qg6 28. Rxc7 Be4 29. Qxe4 Qxe4 30. Bxe4 Bd6 31. Rxb7 Rde8 32. Bb1 Rxe3 33. Kf2 Bxf4 34. Rg1 Bh6 35. Ng4 Rxh3 36. Nxh6+ Rxh6 37. Bc1 Rh2+ 38. Kf1 Rd8 39. Rgxg7+ Kh8 40. Rxh7+ Rxh7 41. Rxh7+ Kg8 42. Bh6 Rxd4 43. Rg7+ Kh8 44. Bh7 Rd1+ 45. Kg2 Rd2+ 46. Bxd2 Kxg7 47. Bd3 Kf7 48. Kf3 Ke6 49. Be3 f5 50. Bxa7 Ke5 51. b4 f4 52. Bb8+ Kd4 53. Be4 Kc4 54. Bc2 Kxb4 55. Bb3 Kb5 56. Kxf4 Ka6 57. Ke5 Kb7 58. Bd6 Ka8 59. a4 Ka7 60. Bc4 Kb6 61. Bb5 Ka5 62. Kd4 Kb6 63. Kc4 Ka5 64. Bc7# 1-0

[Event "OPEN 2026"]
[Site "SAINT DENIS LA REUNION"]
[Date "2026.01.10"]
[Round "4.18"]
[Board "18"]
[White "Belin, Jahlanne"]
[Black "Hoareau, Theo"]
[Result "0-1"]
[WhiteElo "1299"]
[BlackElo "1399"]
[Annotator "thier"]
[PlyCount "84"]
[GameId "2265514659942691"]
[EventDate "2026.??.??"]
[WhiteTeam "Le Petit Cavalier"]
[BlackTeam "Club Echiquier du Nord"]

{[%evp 0,53,28,28,76,52,47,50,35,19,25,33,47,17,13,2,1,1,7,4,10,-4,0,-82,-91,-118,-140,-154,-154,-146,-136,-142,-142,-145,-127,-154,-161,-166,-170,-174,-166,-202,-237,-245,-243,-270,-261,-268,-266,-293,-335,-335,33,-442,-321,-720]} 1. e4 c6 2. Nc3 d5 3. exd5 cxd5 4. Bb5+ Nc6 5. Nf3 Bg4 6. h3 Bxf3 7. Qxf3 e6 8. d4 Nf6 9. O-O Be7 10. Bf4 O-O 11. Bd3 Nxd4 12. Qg3 Nh5 13. Qg4 Nxf4 14. Qxf4 Nc6 15. a3 a6 16. Rae1 Re8 17. Qg4 Bf6 18. Qh5 g6 19. Qg4 Qd6 20. h4 h5 21. Qf3 Bxh4 22. Qe3 Bf6 23. Qh6 Re7 24. Bxg6 fxg6 25. Qxg6+ Rg7 26. Qxh5 Rh7 27. Qg4+ Kh8 28. g3 Rg8 29. Qf3 Rg6 30. Kg2 Ne5 31. Qe3 Ng4 32. Qa7 b6 33. Qa8+ Rg8 34. Qxa6 Nxf2 35. Kxf2 Qxg3+ 36. Ke2 Qg4+ 37. Kd2 Bg5+ 38. Kd3 Rh3+ 39. Re3 Rxe3+ 40. Kd2 Re4+ 41. Kd3 Qg3+ 42. Rf3 Qxf3# 0-1

[Event "OPEN 2026"]
[Site "SAINT DENIS LA REUNION"]
[Date "2026.01.10"]
[Round "4.19"]
[Board "19"]
[White "Ahounkeng-Deudin, Anae"]
[Black "Frison, Jacques"]
[Result "0-1"]
[WhiteElo "1299"]
[BlackElo "1533"]
[PlyCount "92"]
[GameId "2265507390566603"]
[EventDate "2026.??.??"]
[WhiteTeam "Le Petit Cavalier"]
[BlackTeam "La Tour Saint Pierroise"]

1. e4 e5 2. Nf3 Nc6 3. Bc4 Nf6 4. Nc3 Nxe4 5. Nxe4 d5 6. Bxd5 Qxd5 7. Nc3 Qd8 8. h3 Bc5 9. O-O O-O 10. Re1 Re8 11. b3 Bf5 12. Bb2 Bb6 13. Na4 f6 14. Nxb6 axb6 15. d3 Qd7 16. Re2 Rad8 17. Qd2 Qf7 18. Rae1 h6 19. Qc1 Ne7 20. Qa1 Ng6 21. Nh2 Nf4 22. Rd2 Qg6 23. f3 Nxh3+ 24. Kf1 Nf4 25. d4 Qg3 26. Ng4 Bxg4 27. fxg4 Qxg4 28. Rf2 e4 29. Qd1 Qh4 30. Rd2 Qh1+ 31. Kf2 Qxg2+ 32. Ke3 Qf3+ 33. Qxf3 exf3+ 34. Kf2 Rxe1 35. Kxe1 g5 36. Rf2 g4 37. Kf1 f5 38. Kg1 Nh3+ 39. Kf1 Nxf2 40. Kxf2 Re8 41. c3 Re2+ 42. Kg3 Rxb2 43. Kf4 f2 44. Kxf5 f1=Q+ 45. Kxg4 Rg2+ 46. Kh3 Qh1# 0-1

[Event "OPEN 2026"]
[Site "SAINT DENIS LA REUNION"]
[Date "2026.01.10"]
[Round "4.20"]
[Board "20"]
[White "Jauze, Arthur"]
[Black "Maunier, Smita"]
[Result "1-0"]
[WhiteElo "1299"]
[BlackElo "1299"]
[Annotator "thier"]
[PlyCount "67"]
[GameId "2265489288188007"]
[EventDate "2026.??.??"]
[WhiteTeam "Les Roys de l'Est"]
[BlackTeam "Echiquier du Lagon - Ass Ecole du Lagon"]

{[%evp 0,31,31,26,16,-16,-22,20,63,50,41,28,135,54,112,64,104,49,58,55,293,305,564,570,633,633,1016,1025,1013,895,872,836,851,742]} 1. d4 d5 2. c4 Nf6 3. cxd5 Nxd5 4. e4 Nf6 5. Nc3 Nc6 6. Bb5 Bd7 7. Nf3 a6 8. Ba4 e6 9. O-O Bd6 10. e5 Nxe5 11. dxe5 Bc5 12. exf6 Qc8 13. fxg7 Rg8 14. Bxd7+ Qxd7 15. Qxd7+ Kxd7 16. Bf4 Rxg7 17. Rad1+ Ke8 18. Bxc7 Rc8 19. Bd6 Bb6 20. Rfe1 Rd8 21. Be5 Rc8 22. Bxg7 a5 23. Nb5 a4 24. Nd6+ Kd8 25. Nxc8+ Kxc8 26. Ne5 Ba5 27. Re4 b5 28. Nxf7 Kb8 29. Rxe6 Kb7 30. Rd7+ Bc7 31. Ree7 Kb6 32. Rxc7 Ka5 33. Re6 Kb4 34. Bc3# 1-0

[Event "OPEN 2026"]
[Site "SAINT DENIS LA REUNION"]
[Date "2026.01.10"]
[Round "5.1"]
[Board "1"]
[White "Mezouaghi, Miloud"]
[Black "De Peindray D'Ambell, Philippe"]
[Result "1/2-1/2"]
[WhiteElo "1955"]
[BlackElo "1942"]
[Annotator "thier"]
[PlyCount "56"]
[GameId "2266251824083280"]
[EventDate "2026.??.??"]
[WhiteTeam "Echiquier du Lagon - Ass Ecole du Lagon"]
[BlackTeam "Club d'Echecs Labourdonnais"]

1. e4 c5 2. Nf3 g6 3. d4 cxd4 4. Qxd4 Nf6 5. Nc3 Nc6 6. Qa4 d6 7. e5 dxe5 8. Nxe5 Bd7 9. Nxd7 Qxd7 10. Be3 Bg7 11. Rd1 Qc8 12. Bb5 O-O 13. Bxc6 bxc6 14. O-O Qb7 15. b3 Nd5 16. Nxd5 cxd5 17. c4 Rfd8 18. cxd5 Rxd5 19. Rxd5 Qxd5 20. g3 h5 21. Rc1 Bf6 22. h4 g5 23. hxg5 Bxg5 24. Bxg5 Qxg5 25. Rd1 Rc8 26. Kg2 a5 27. Qd4 (27. Qe4 Rc5 28. Qa8+ Kg7 29. Rd8 Kf6 30. Rd4 Kg7 31. Rd8 Kf6 32. Qe4 Qf5 33. Qd4+ Qe5 34. f4 Qxd4 35. Rxd4 Rc2+ 36. Kh3 Rxa2 37. Rd5 Kg6 38. Rg5+ Kh6 39. Rb5 a4 40. bxa4 Rxa4 41. Kh4 Ra1 42. Rxh5+ Kg6 43. Rg5+ Kf6) 27... Rc5 28. Qd8+ Kg7 1/2-1/2

[Event "OPEN 2026"]
[Site "SAINT DENIS LA REUNION"]
[Date "2026.01.10"]
[Round "5.2"]
[Board "2"]
[White "Gretry, Patrice"]
[Black "Ramsamy, Alexandre"]
[Result "1/2-1/2"]
[WhiteElo "1913"]
[BlackElo "1961"]
[Annotator "thier"]
[PlyCount "68"]
[GameId "2266250256216386"]
[EventDate "2026.??.??"]
[WhiteTeam "Reunion Echecs Nomades"]
[BlackTeam "Les Fous de Sin Dni"]

1. e4 c5 2. Nf3 Nc6 3. d4 cxd4 4. Nxd4 e5 5. Nb5 a6 6. Nd6+ Bxd6 7. Qxd6 Qe7 8. Qd1 d6 9. Nc3 Be6 10. Be3 Nf6 11. Be2 O-O 12. O-O Qc7 13. f4 exf4 14. Rxf4 Ne5 15. Bd4 Ng6 16. Rxf6 gxf6 17. Bxf6 h6 18. Kh1 Kh7 19. e5 dxe5 20. Bd3 Rad8 21. Ne4 Rh8 22. Ng5+ hxg5 23. Qh5+ Kg8 24. Bxh8 Rxd3 25. cxd3 Nxh8 26. Qxg5+ Ng6 27. h4 Qe7 28. Qxe7 Nxe7 29. g3 Nf5 30. Kg2 Kg7 31. Kf2 Bd5 32. b3 f6 33. Rc1 Be6 (33... Bc6 34. Rc4 Nd4 35. g4 Kg6 36. Rc1 Ne6 37. Ke3 f5 38. gxf5+ Kxf5 39. Rg1 Nf4 40. Rg5+ Kf6 41. d4 Nd5+ 42. Kd3 exd4 43. Kxd4 Nf4 44. Kc4 Ng6 45. Rh5 Bf3 46. Rh7 Be4 47. Kc5 Ne7 48. Rh6+ Kf7 49. b4 Nf5 50. Rh8 Kg7 51. Rd8 Bc6 52. Rc8 Bf3 53. a4 Nxh4 54. Rc7+ Kf6 55. Kb6 Nf5 56. Rxb7 Bxb7 57. Kxb7 Ke6 58. Kxa6 Ke7 (58... Kd7 59. Ka7 Kc8 60. b5 Nd6 61. b6 Nb7 62. Ka6 Kb8 63. a5 Nd6) 59. Ka7) 34. Rc4 Nd4 1/2-1/2

[Event "OPEN 2026"]
[Site "SAINT DENIS LA REUNION"]
[Date "2026.01.10"]
[Round "5.3"]
[Board "3"]
[White "Lambert Hoareau, Guillaume"]
[Black "Lutard, Florian"]
[Result "1-0"]
[WhiteElo "1778"]
[BlackElo "2067"]
[PlyCount "78"]
[GameId "2266249312137524"]
[EventDate "2026.??.??"]
[WhiteTeam "L'Echiquier de Saint Joseph"]
[BlackTeam "Le Petit Cavalier"]

1. e4 c5 2. Nf3 e6 3. d4 cxd4 4. Nxd4 Nc6 5. Nc3 a6 6. Nxc6 bxc6 7. Bd3 d5 8. Qe2 d4 9. Nb1 Nf6 10. O-O e5 11. Nd2 Bd6 12. f4 Bg4 13. Qe1 Be6 14. Nf3 Qc7 15. h3 O-O 16. f5 Bd7 17. Bg5 Rfb8 18. b3 Ne8 19. g4 f6 20. Bh4 c5 21. a4 Be7 22. g5 Qd8 23. Qg3 Kh8 24. Rf2 Nd6 25. Nxe5 fxg5 26. Rg2 h6 27. Qg4 Be8 28. Bg3 Bf6 29. Nc4 Nxc4 30. Bxc4 d3 31. e5 h5 32. Qf3 Qd4+ 33. Kh2 Bxe5 34. Re1 Bxg3+ 35. Rxg3 Qh4 36. f6 Ra7 37. fxg7+ Kxg7 38. Qd5 Bg6 39. Qe5+ Kh7 1-0

[Event "OPEN 2026"]
[Site "SAINT DENIS LA REUNION"]
[Date "2026.01.10"]
[Round "5.4"]
[Board "4"]
[White "Larroque, Luca"]
[Black "Desire, Michael"]
[Result "1-0"]
[WhiteElo "1817"]
[BlackElo "1777"]
[PlyCount "70"]
[GameId "2266237125325014"]
[EventDate "2026.??.??"]
[WhiteTeam "Club Echiquier du Nord"]
[BlackTeam "Jeu d'Echecs Dann Trois Bassins"]

1. e4 c6 2. d4 d5 3. e5 Bf5 4. Nf3 e6 5. Be2 Ne7 6. O-O Nd7 7. Re1 c5 8. c4 Qc7 9. Nc3 a6 10. Bg5 dxc4 11. Bxe7 Bxe7 12. d5 Nxe5 13. Nxe5 Qxe5 14. Bxc4 Qf4 15. Qa4+ Kf8 16. g3 Qb8 17. Qd1 b5 18. Bd3 Bh3 19. dxe6 Bxe6 20. Qf3 Bf6 21. Ne4 Qb7 22. Qh5 c4 23. Nxf6 cxd3 24. Qc5+ Qe7 25. Nd7+ Ke8 26. Qc6 Rd8 27. Nc5+ Kf8 28. Nxe6+ fxe6 29. Rxe6 Qf7 30. Rd6 Qe7 31. Rxd8+ Qxd8 32. Rd1 h5 33. Qc3 Rh6 34. Rxd3 Rd6 35. Qc5 Ke7 1-0

[Event "OPEN 2026"]
[Site "SAINT DENIS LA REUNION"]
[Date "2026.01.10"]
[Round "5.5"]
[Board "5"]
[White "Francou, Yvon-Johann"]
[Black "Duprey, Francois-Xavier"]
[Result "1-0"]
[WhiteElo "1795"]
[BlackElo "1709"]
[PlyCount "67"]
[GameId "2266239821549796"]
[EventDate "2026.??.??"]
[WhiteTeam "Les Fous de Sin Dni"]
[BlackTeam "Cergy Philidor"]

1. e4 c5 2. Nf3 Nc6 3. d4 cxd4 4. Nxd4 g6 5. c4 Bg7 6. Be3 Nf6 7. f3 Qb6 8. Nf5 Qxb2 9. Nxg7+ Kf8 10. Ne6+ fxe6 11. Bh6+ Kf7 12. Nd2 Nb4 13. Rb1 Nc2+ 14. Kf2 Qxa2 15. Bd3 Nd4 16. e5 Ng8 17. Bf4 Qa3 18. Be4 Nc6 19. Re1 Qc5+ 20. Kf1 Kg7 21. Rb5 Qa3 22. Nb1 Qa6 23. Re3 b6 24. Reb3 Qb7 25. Nc3 Qc7 26. Ne2 Ba6 27. Rc3 Rd8 28. Qa1 Bb7 29. c5 Nh6 30. cxb6 axb6 31. Be3 Ra8 32. Qc1 Ra6 33. Bxh6+ Kf7 34. Qf4+ 1-0